Top-Selling Video Games of All Time - Statistics

General Stats
  • This quiz has been taken 113 times
    98 since last reset
  • The average score is 7 of 23
Answer Stats
Sales Answer Platform Release Date % Correct
238,000,000 Minecraft Multi-platform November 18, 2011
80%
58,000,000 Super Mario Bros. Multi-platform September 13, 1985
80%
82,900,000 Wii Sports Wii November 19, 2006
63%
160,000,000 Grand Theft Auto V Multi-platform September 17, 2013
59%
100,000,000 Tetris (EA) Mobile September 12, 2006
55%
43,000,000 Tetris (Nintendo) Game Boy / NES June 14, 1989
55%
51,810,000 Mario Kart 8 / Deluxe Wii U / Nintendo Switch May 29, 2014
34%
42,071,635 Pac-Man Multi-platform June 1980
31%
47,520,000 Pokémon Red / Green / Blue / Yellow Multi-platform February 27, 1996
26%
37,620,000 Animal Crossing: New Horizons Nintendo Switch March 20, 2020
24%
30,000,000 Call of Duty: Modern Warfare Multi-platform October 25, 2019
22%
33,140,000 Wii Sports Resort Wii June 25, 2009
22%
37,380,000 Mario Kart Wii Wii April 10, 2008
20%
75,000,000 PlayerUnknown's Battlegrounds Multi-platform December 20, 2017
19%
43,800,000 Wii Fit and Wii Fit Plus Wii December 1, 2007
18%
43,000,000 Red Dead Redemption 2 Multi-platform October 26, 2018
16%
30,000,000 The Elder Scrolls V: Skyrim Multi-platform November 11, 2011
15%
30,800,000 New Super Mario Bros. Nintendo DS May 15, 2006
14%
30,320,000 New Super Mario Bros. Wii Wii November 11, 2009
14%
30,000,000 The Witcher 3 Multi-platform May 19, 2015
11%
35,000,000 Terraria Multi-platform May 16, 2011
8%
30,000,000 Diablo III Multi-platform May 16, 2012
6%
30,000,000 Human: Fall Flat Multi-platform June 22, 2016
3%
No matching quizzes found
Score Distribution
Percent of People with Each Score
Percentile by Number Answered
Your Score History
You have not taken this quiz since the last reset